000 00558nam a2200217Ia 4500
003 OSt
005 20220926041919.0
006 a|||||r|||| 00| 0
007 ta
008 220923b |||||||| |||| 00| 0 eng d
037 _cGeneral Book
040 _aRTL
_cRTL
_beng
041 _2eng
_aeng
082 _aXM.436.N5, J7
100 _aMohammad Hatta
_9345583
245 0 _aCooperative movement in Indonesia
260 _c1957
650 _aCooperation
942 _hXM.436.N5, J7
_cGB
_2CC
999 _c668417
_d668417